Perception of young people towards supertitious beliefs. (Record no. 96223)
[ view plain ]
| 000 -LEADER | |
|---|---|
| fixed length control field | 00331nam a2200121 a 4500 |
| 005 - DATE AND TIME OF LATEST TRANSACTION | |
| control field | 20140408090017.0 |
| 008 - FIXED-LENGTH DATA ELEMENTS--GENERAL INFORMATION | |
| fixed length control field | 021118s19uu xx 00 eng d |
| 050 ## - LIBRARY OF CONGRESS CALL NUMBER | |
| Classification number | PHS '98 |
| Item number | C11 #5 |
| 050 ## - LIBRARY OF CONGRESS CALL NUMBER | |
| Classification number | PHS '98 |
| Item number | C11 #5 |
| 100 ## - MAIN ENTRY--PERSONAL NAME | |
| Personal name | Cafuir, Ismelina A. |
| 245 ## - TITLE STATEMENT | |
| Title | Perception of young people towards supertitious beliefs. |
| 942 ## - ADDED ENTRY ELEMENTS (KOHA) | |
| Koha item type | PASS |
| Withdrawn status | Lost status | Source of classification or shelving scheme | Damaged status | Home library | Current library | Shelving location | Date acquired | Source of acquisition | Total Checkouts | Full call number | Barcode | Date last seen | Price effective from | Koha item type |
|---|---|---|---|---|---|---|---|---|---|---|---|---|---|---|
| Library of Congress Classification | Luxembourg Library | Luxembourg Library | Portfolio Assessment of SISC Students Section | 11/18/2002 | Donation | PHS '98 C11 #5 c.1 | P0147 | 06/19/2019 | 04/08/2014 | PASS | ||||
| Library of Congress Classification | Luxembourg Library | Luxembourg Library | Portfolio Assessment of SISC Students Section | 06/04/2003 | Donation | PHS '98 C11 #5 c.2 | P0150 | 04/08/2014 | 04/08/2014 | PASS |